[Event "Kieler Open 2017-A"]
[Site "Kiel"]
[Date "2017.08.03"]
[Round "8.25"]
[White "Karlisch, Moritz"]
[Black "Oltzen, Samuel"]
[Result "0-1"]
[WhiteElo "1887"]
[BlackElo "1990"]
[PlyCount "84"]
[Annotator "JG"]

1. d4 Nf6 2. c4 e6 3. Nf3 d5 4. cxd5 exd5 5. Nc3 Nc6 6. Bg5 Bb4 7. Rc1 h6 8.
Bxf6 Qxf6 9. a3 Bxc3+ 10. Rxc3 O-O 11. e3 Bg4 12. Be2 Rfe8 13. O-O Re7 14. Qb3
Nd8 15. Qxd5 c6 16. Qb3 Ne6 17. Qc2 Rd8 18. Rd1 Nc7 19. Ne5 Bxe2 20. Qxe2 Qd6
21. Rdc1 Nb5 22. Rd3 Rxe5 23. Qf3 Qg6 24. Rcd1 Red5 25. a4 Nd6 26. Qe2 Ne4 27.
f3 Nc5 28. Ra3 Ne6 29. Rb3 R8d7 30. Kf2 c5 31. f4 cxd4 32. e4 Nxf4 33. Qf3 R5d6
34. Rb5 Rf6 35. Kg1 d3 36. Kh1 Ne2 37. Qh3 Rfd6 38. e5 Rd4 39. Rxb7 Rxb7 40.
Qc8+ Kh7 41. Qxb7 Qh5 42. Qf3 Qxf3 0-1

[Event "Kieler Open 2017-A"]
[Site "Kiel"]
[Date "2017.08.03"]
[Round "8.26"]
[White "Berenstein, Alexander"]
[Black "Rohde, Patrick"]
[Result "0-1"]
[WhiteElo "1997"]
[BlackElo "1939"]
[PlyCount "113"]
[Annotator "JG"]

1. d4 b6 2. c4 Bb7 3. Nc3 Nf6 4. Qc2 Nc6 5. Nf3 d6 6. a3 e5 7. d5 Ne7 8. e4 g6
9. Bd3 Bg7 10. h3 O-O 11. g4 Nd7 12. b4 a5 13. Rb1 axb4 14. axb4 h6 15. Be3 Nf6
16. g5 hxg5 17. Nxg5 Nh5 18. Ne2 Bc8 19. Ng3 Nf4 20. Bxf4 exf4 21. Ne2 Nxd5 22.
cxd5 Qxg5 23. Rg1 Qe5 24. h4 f3 25. Rg5 Qh2 26. Ng1 Qh1 27. Bf1 Bf6 28. Rg3 Be5
29. Rg5 Bf4 30. Nxf3 Qxf3 31. Rg1 Ra3 32. Be2 Qc3+ 33. Qxc3 Rxc3 34. f3 Bd7 35.
Ra1 Rc1+ 36. Rxc1 Bxc1 37. Kd1 Be3 38. Rg2 Ra8 39. Bc4 Ra1+ 40. Ke2 Bf4 41. Kd3
Bh3 42. Rc2 Bf1+ 43. Kc3 Be5+ 44. Kb3 Rb1+ 45. Ka4 Bh3 46. Bd3 Bd7+ 47. b5 Ra1+
48. Kb4 Ra7 49. Kc4 Bg3 50. Rg2 Bxh4 51. f4 Bf6 52. Re2 Ra4+ 53. Kb3 Rd4 54.
Bc4 Bg4 55. Re1 Bd1+ 56. Kb4 Bh4 57. Rh1 0-1

[Event "Kieler Open 2017-A"]
[Site "Kiel"]
[Date "2017.08.03"]
[Round "8.27"]
[White "Prasse, Philipp"]
[Black "Kaiser, Johannes"]
[Result "1/2-1/2"]
[WhiteElo "2013"]
[BlackElo "1720"]
[PlyCount "58"]
[Annotator "JG"]

1. e4 d5 2. exd5 Qxd5 3. Nc3 Qa5 4. d4 Nf6 5. Nf3 Bf5 6. Bc4 e6 7. Bd2 c6 8.
Nd5 Qd8 9. Nxf6+ Qxf6 10. Bc3 Qd8 11. Qe2 Be7 12. O-O-O O-O 13. Ne5 h6 14. g4
Bh7 15. Rhe1 Bg5+ 16. Kb1 Kh8 17. Bb4 Be7 18. Bd2 b5 19. Bd3 Bxd3 20. Qxd3 Qd5
21. f4 Kg8 22. g5 hxg5 23. fxg5 Nd7 24. g6 Nxe5 25. Rxe5 Qg2 26. gxf7+ Rxf7 27.
Rh5 Rf2 28. Qe3 Re2 29. Qd3 Qe4 1/2-1/2

[Event "Kieler Open 2017-A"]
[Site "Kiel"]
[Date "2017.08.03"]
[Round "8.28"]
[White "Quiring, Nikolai"]
[Black "Schaefer, Martin"]
[Result "1-0"]
[WhiteElo "2007"]
[BlackElo "2001"]
[PlyCount "145"]
[Annotator "JG"]

1. d4 f5 2. Nc3 Nf6 3. Bg5 d5 4. Bxf6 exf6 5. e3 Be6 6. h4 h5 7. Be2 Bf7 8. Nh3
Nc6 9. Nf4 g6 10. Ncxd5 Bxd5 11. Nxg6 Rh6 12. Bxh5 Bf7 13. Nf4 Bxh5 14. Nxh5
Qd7 15. Qe2 O-O-O 16. O-O-O Qf7 17. Ng3 Qxa2 18. c3 Qa1+ 19. Kc2 Qa4+ 20. Kb1
Qa5 21. Qd3 Ne7 22. c4 Kb8 23. d5 f4 24. exf4 f5 25. Nxf5 Ra6 26. Nd4 Bg7 27.
Qa3 Qxa3 28. bxa3 Bxd4 29. Rxd4 Rxa3 30. Re4 Nf5 31. h5 b5 32. h6 Nd6 33. Re6
Nxc4 34. Rh5 b4 35. h7 Rh8 36. Re2 b3 37. g4 b2 38. Rxb2+ Nxb2 39. Kxb2 Rf3 40.
Rh1 Rxf4 41. g5 Rf5 42. g6 Rg5 43. Rh6 Kc8 44. f4 Rg2+ 45. Kc3 Kd7 46. Kd4 Ke7
47. Ke5 Re2+ 48. Kf5 Rf8+ 49. Kg4 Rg2+ 50. Kf3 Rg1 51. h8=Q Rxh8 52. Rxh8 Rxg6
53. Ke4 Rg1 54. Rh7+ Kd6 55. Rh6+ Kd7 56. Ra6 Re1+ 57. Kf5 Rd1 58. Ke5 Re1+ 59.
Kf6 Rd1 60. Ra5 Kd6 61. f5 Rg1 62. Rxa7 Kxd5 63. Rxc7 Kd6 64. Rc2 Kd7 65. Re2
Kd8 66. Kf7 Rg3 67. Rd2+ Kc7 68. f6 Kc8 69. Ke8 Re3+ 70. Kf8 Rg3 71. f7 Rg4 72.
Rd5 Rg2 73. Ke7 1-0

[Event "Kieler Open 2017-A"]
[Site "Kiel"]
[Date "2017.08.03"]
[Round "8.29"]
[White "Strätker, Sebastian"]
[Black "Deutschbein, Christopher"]
[Result "1/2-1/2"]
[WhiteElo "1887"]
[BlackElo "2019"]
[PlyCount "54"]
[Annotator "JG"]

1. e4 e5 2. Nf3 Nc6 3. Bc4 Bc5 4. O-O Nf6 5. d3 d6 6. h3 Be6 7. Nbd2 h6 8. c3
O-O 9. a4 a6 10. Re1 Qd7 11. Nf1 Bxc4 12. dxc4 Qe6 13. b3 Ne7 14. Ng3 g5 15.
Be3 Bxe3 16. Rxe3 Ne8 17. Nh2 Ng7 18. Nh5 f5 19. Nxg7 Kxg7 20. exf5 Rxf5 21.
Qd3 Raf8 22. Rf1 Rf4 23. Nf3 Nf5 24. Re4 Ne7 25. Rxf4 Rxf4 26. Re1 c5 27. Nd2
Nc8 1/2-1/2

[Event "Kieler Open 2017-A"]
[Site "Kiel"]
[Date "2017.08.03"]
[Round "8.30"]
[White "Bernhardsson, Sten"]
[Black "Oltmanns, Marc"]
[Result "1/2-1/2"]
[WhiteElo "1927"]
[BlackElo "1679"]
[PlyCount "48"]
[Annotator "JG"]

1. d4 Nf6 2. Nf3 e6 3. Bg5 Be7 4. e3 b6 5. c4 Bb7 6. Nc3 d5 7. cxd5 Nxd5 8.
Bxe7 Qxe7 9. Bb5+ c6 10. Be2 O-O 11. Rc1 Nf6 12. O-O Nbd7 13. Qb3 c5 14. Rfd1
cxd4 15. Nxd4 Nc5 16. Qa3 Nd5 17. Bf3 Nxc3 18. Rxc3 Bxf3 19. Nxf3 Rfd8 20. Rcc1
Rxd1+ 21. Rxd1 Rd8 22. Rd4 Qc7 23. Qc3 Rxd4 24. Nxd4 Qd7 1/2-1/2

[Event "Kieler Open 2017-A"]
[Site "Kiel"]
[Date "2017.08.03"]
[Round "8.31"]
[White "Kreutz, Jonas"]
[Black "Koedijk, Klaas Jan"]
[Result "1/2-1/2"]
[WhiteElo "1826"]
[BlackElo "1311"]
[PlyCount "140"]
[Annotator "JG"]

1. e4 c5 2. Nf3 g6 3. c3 d5 4. e5 Nc6 5. d4 Bg7 6. Be2 Qb6 7. a3 Bg4 8. Nbd2 e6
9. h3 Bxf3 10. Nxf3 Nge7 11. b4 cxd4 12. cxd4 Nf5 13. Bb2 O-O 14. g4 Nfe7 15.
h4 f6 16. exf6 Bxf6 17. h5 Rac8 18. hxg6 Nxg6 19. Qd2 Bg7 20. Qg5 Nf4 21. Kd2
Nxb4 22. Rxh7 Rc2+ 23. Kd1 Qc7 24. axb4 Rxb2 25. Rc1 Qd7 26. Bb5 Qf7 27. Ne5
Qf6 28. Qxf6 Rxf6 29. Rh2 Rxb4 30. Rc8+ Rf8 31. Rxf8+ Kxf8 32. Nd7+ Kg8 33. Bf1
Rxd4+ 34. Kc2 Rb4 35. Nc5 a5 36. Bd3 Nxd3 37. Kxd3 Rd4+ 38. Ke3 b6 39. Nd7 b5
40. f4 b4 41. Nc5 Rc4 42. Nd3 b3 43. g5 b2 44. Nxb2 Rc3+ 45. Nd3 a4 46. Ra2 a3
47. Kd2 d4 48. Ne1 Bf8 49. Nd3 Bd6 50. Ra1 Kg7 51. Re1 a2 52. Ra1 Ra3 53. Kc2
Kg6 54. Ne1 Bxf4 55. Kb2 Ra5 56. Rxa2 Rxa2+ 57. Kxa2 Bxg5 58. Kb3 Kf5 59. Kc2
Ke4 60. Nd3 e5 61. Nb4 Bf4 62. Kd1 d3 63. Ke1 Kf3 64. Nxd3 e4 65. Nxf4 Kxf4 66.
Kf2 e3+ 67. Ke2 Ke4 68. Ke1 Kd3 69. Kd1 e2+ 70. Ke1 Ke3 1/2-1/2

[Event "Kieler Open 2017-A"]
[Site "Kiel"]
[Date "2017.08.03"]
[Round "8.32"]
[White "Papesch, Dennis"]
[Black "Weißhorn, Lasse"]
[Result "1/2-1/2"]
[WhiteElo "1825"]
[BlackElo "1745"]
[PlyCount "124"]
[Annotator "JG"]

1. d4 d5 2. c4 c6 3. Nf3 Nf6 4. Nc3 dxc4 5. a4 Bf5 6. e3 e6 7. Bxc4 Bb4 8. O-O
O-O 9. Qe2 Nbd7 10. Rd1 h6 11. Bd3 Qe7 12. h3 Rac8 13. e4 Bh7 14. Bf4 a6 15.
Rac1 Rfd8 16. Qc2 Nf8 17. Rb1 c5 18. e5 Nd5 19. Nxd5 Rxd5 20. Bxh7+ Nxh7 21.
Bd2 a5 22. Bxb4 axb4 23. dxc5 Rcxc5 24. Qb3 Ra5 25. Rxd5 Rxd5 26. Rd1 Qc5 27.
Rxd5 exd5 28. Qd1 Nf8 29. Nd4 Ne6 30. Nxe6 fxe6 31. Qg4 Kf7 32. Qh5+ Ke7 33.
Qg4 g5 34. Qe2 Qc4 35. Qd2 Qe4 36. Kf1 b3 37. f3 Qxa4 38. Kg1 b6 39. Qd3 Qb4
40. Qh7+ Ke8 41. Qg8+ Kd7 42. Qf7+ Qe7 43. Qg6 Qf8 44. Qh7+ Kc6 45. Qg6 Qc5+
46. Kh2 Qe7 47. Qxh6 d4 48. Qg6 Kd5 49. Qe4+ Kc5 50. Qd3 Qc7 51. Qxb3 Qxe5+ 52.
Kh1 Qe1+ 53. Kh2 e5 54. Qc2+ Kb5 55. Qd3+ Kb4 56. Qa3+ Kc4 57. Qa6+ b5 58. Qa2+
Kd3 59. Qb3+ Ke2 60. Qc2+ Kf1 61. Qd3+ Qe2 62. Qb1+ Qe1 1/2-1/2

[Event "Kieler Open 2017-A"]
[Site "Kiel"]
[Date "2017.08.03"]
[Round "8.33"]
[White "Benzen, Marthe"]
[Black "van Foreest, Machteld"]
[Result "1-0"]
[WhiteElo "2016"]
[BlackElo "1793"]
[PlyCount "69"]
[Annotator "JG"]

1. e4 c5 2. Nc3 d6 3. f4 Nf6 4. Nf3 Nc6 5. Bc4 e6 6. Qe2 a6 7. a4 Be7 8. O-O
O-O 9. d3 b6 10. h3 Bb7 11. e5 dxe5 12. fxe5 Nd5 13. Ne4 Nc7 14. c3 b5 15. Bb3
Nb8 16. Bc2 Nd7 17. d4 cxd4 18. cxd4 Bxe4 19. Qxe4 f5 20. exf6 Nxf6 21. Qd3 Bd6
22. Bg5 Ncd5 23. Bxf6 Nxf6 24. Ng5 Qd7 25. Nxh7 Bc7 26. Nxf8 Rxf8 27. Rf3 Qd6
28. g3 Bb6 29. Rf4 Rd8 30. Kh2 Bxd4 31. axb5 axb5 32. Rd1 e5 33. Bb3+ Kf8 34.
Qg6 Qe7 35. Rh4 1-0

[Event "Kieler Open 2017-A"]
[Site "Kiel"]
[Date "2017.08.03"]
[Round "8.34"]
[White "Terwitte, Heinrich"]
[Black "Isler, Benjamin"]
[Result "0-1"]
[WhiteElo "1913"]
[BlackElo "1897"]
[PlyCount "92"]
[Annotator "JG"]

1. e4 e6 2. d4 d5 3. Nc3 Nf6 4. Bg5 Be7 5. e5 Nfd7 6. Bxe7 Qxe7 7. f4 O-O 8.
Nf3 c5 9. Bd3 f6 10. exf6 Nxf6 11. Qd2 Bd7 12. O-O c4 13. Be2 b5 14. Nd1 Nc6
15. Nf2 b4 16. c3 a5 17. Ne5 Rfb8 18. Bf3 a4 19. Rfe1 a3 20. Nfg4 axb2 21. Qxb2
bxc3 22. Qxc3 Qd6 23. Re3 Ra6 24. Nxc6 Bxc6 25. Ne5 Bb5 26. g4 Rba8 27. a3 R8a7
28. g5 Ne8 29. Bg4 g6 30. h4 Ng7 31. Rh3 Ba4 32. h5 gxh5 33. Bxh5 Nxh5 34. Rxh5
Be8 35. Rh3 Qf8 36. Qe3 Qf5 37. Rg3 Qc2 38. Ng4 Qb2 39. Nf6+ Kh8 40. Qc3 Rb6
41. Re1 Qxc3 42. Rxc3 Bg6 43. Kf2 Bf5 44. Kg3 Rb3 45. Rce3 Raxa3 46. Rxb3 cxb3
0-1

[Event "Kieler Open 2017-A"]
[Site "Kiel"]
[Date "2017.08.03"]
[Round "8.35"]
[White "Litau, Alexej"]
[Black "Schmidt, Peter"]
[Result "1/2-1/2"]
[WhiteElo "1701"]
[BlackElo "1949"]
[PlyCount "76"]
[Annotator "JG"]

1. d4 Nf6 2. c4 c5 3. d5 b5 4. Nf3 g6 5. cxb5 a6 6. e3 Bg7 7. Nc3 O-O 8. Bd2
Bb7 9. e4 e6 10. Bg5 Qa5 11. Qd2 exd5 12. Bxf6 Bxf6 13. Nxd5 Qxd2+ 14. Kxd2
Bxd5 15. exd5 axb5 16. Bxb5 Bxb2 17. Rab1 Bg7 18. a4 Na6 19. Bxd7 Nb4 20. Rhd1
Nxd5 21. Rb7 Rfd8 22. Ke1 Nc3 23. Rc1 Nxa4 24. Bxa4 Rxa4 25. Rc7 Re4+ 26. Kf1
Bb2 27. Rb1 Bd4 28. Rxf7 Kxf7 29. Ng5+ Kf6 30. Nxe4+ Ke5 31. f3 Kd5 32. Ke2 Ra8
33. Rd1 Ra2+ 34. Rd2 Ra3 35. h3 Re3+ 36. Kd1 Ra3 37. Kc2 Ra2+ 38. Kd1 Ra3
1/2-1/2

[Event "Kieler Open 2017-A"]
[Site "Kiel"]
[Date "2017.08.03"]
[Round "8.36"]
[White "Zimmermann, Manfred"]
[Black "Olde, Henning"]
[Result "1/2-1/2"]
[WhiteElo "1997"]
[BlackElo "1873"]
[PlyCount "70"]
[Annotator "JG"]

1. d4 f5 2. Nc3 Nf6 3. Bg5 e6 4. e4 fxe4 5. Nxe4 Be7 6. Bxf6 Bxf6 7. Qh5+ g6 8.
Qh6 d5 9. Nxf6+ Qxf6 10. Nf3 Bd7 11. O-O-O Nc6 12. Bb5 O-O-O 13. Bxc6 Bxc6 14.
Rd2 Rhf8 15. Ne5 Be8 16. f3 c5 17. c3 cxd4 18. cxd4 Kb8 19. Rc2 Qf5 20. Qe3 Ba4
21. b3 Rc8 22. Nd3 Rxc2+ 23. Kxc2 Bb5 24. Rd1 Bxd3+ 25. Rxd3 Rc8+ 26. Kb2 b6
27. Rd2 Kb7 28. Re2 a5 29. g4 Qf6 30. Rc2 Rxc2+ 31. Kxc2 h5 32. h3 Kc6 33. a4
Kd6 34. f4 hxg4 35. hxg4 Qh4 1/2-1/2

[Event "Kieler Open 2017-A"]
[Site "Kiel"]
[Date "2017.08.03"]
[Round "8.37"]
[White "Boyens, Birger"]
[Black "Indinger, Alexander"]
[Result "0-1"]
[WhiteElo "1996"]
[BlackElo "1798"]
[PlyCount "96"]
[Annotator "JG"]

1. e4 c6 2. d4 d5 3. e5 c5 4. dxc5 e6 5. a3 Nc6 6. b4 a5 7. b5 Nxe5 8. Bb2 Ng6
9. Qd4 e5 10. Qe3 d4 11. Qg3 Bxc5 12. Nd2 Nf6 13. Bc4 O-O 14. h4 Bd6 15. h5 e4
16. Qb3 a4 17. Qa2 Nf4 18. O-O-O Be6 19. g3 Bxc4 20. Nxc4 N4d5 21. Nxd6 Qxd6
22. Bxd4 Qc7 23. Ne2 h6 24. Ba1 Rac8 25. Rd4 Nb6 26. Rb4 Rfe8 27. Rh4 e3 28. f3
Qd7 29. Bd4 Nbd5 30. Rb2 Qf5 31. f4 Qd3 32. c3 Nxc3 33. Bxc3 Rxc3+ 34. Nxc3
Qxc3+ 35. Rc2 Qe1+ 36. Kb2 Qxg3 37. Rh1 e2 38. Rc7 e1=Q 39. Qxf7+ Kh8 40. Rxe1
Rxe1 41. Rc8+ Kh7 42. Rc3 Qf2+ 43. Rc2 Qd4+ 44. Rc3 Re2+ 45. Kb1 Qd1+ 46. Rc1
Qd3+ 47. Ka1 Qxa3+ 48. Kb1 Rb2# 0-1

[Event "Kieler Open 2017-A"]
[Site "Kiel"]
[Date "2017.08.03"]
[Round "8.38"]
[White "Schramm, Bernd"]
[Black "Christensen, Andreas"]
[Result "1/2-1/2"]
[WhiteElo "2036"]
[BlackElo "1809"]
[PlyCount "64"]
[Annotator "JG"]

1. e4 c5 2. c3 d5 3. exd5 Qxd5 4. d4 e6 5. Nf3 Nf6 6. Be2 Be7 7. Na3 a6 8. Nc2
O-O 9. O-O Nc6 10. c4 Qd8 11. dxc5 Bxc5 12. Be3 Be7 13. Nfd4 Nxd4 14. Qxd4 Nd7
15. Qd2 Nc5 16. Rfd1 Qxd2 17. Rxd2 e5 18. Rd5 Na4 19. Rb1 Bf5 20. Bd3 Bxd3 21.
Rxd3 Rfd8 22. Rb3 Rd7 23. Nb4 Rc8 24. Rc1 Bc5 25. Bxc5 Nxc5 26. Re3 Rd2 27. b3
f6 28. g3 Kf7 29. Rc2 Rcd8 30. Re2 Rd1+ 31. Kg2 R8d4 32. Nd5 a5 1/2-1/2

[Event "Kieler Open 2017-A"]
[Site "Kiel"]
[Date "2017.08.03"]
[Round "8.39"]
[White "Bernard, Adrian"]
[Black "Lippmann, Kai"]
[Result "0-1"]
[WhiteElo "1745"]
[BlackElo "1959"]
[PlyCount "48"]
[Annotator "JG"]

1. d4 d5 2. c4 c6 3. Nc3 f5 4. Bf4 e6 5. e3 Nf6 6. Nf3 Bd6 7. Bxd6 Qxd6 8. c5
Qe7 9. b4 Nbd7 10. b5 Ne4 11. Qc2 O-O 12. h4 Qf6 13. g3 Ndxc5 14. dxc5 Nxc3 15.
Rc1 Ne4 16. bxc6 bxc6 17. Bd3 Rb8 18. O-O Bd7 19. Rb1 Rfd8 20. Bxe4 fxe4 21.
Nd4 e5 22. Ne2 Bh3 23. Rxb8 Rxb8 24. Rb1 Rf8 0-1

[Event "Kieler Open 2017-A"]
[Site "Kiel"]
[Date "2017.08.03"]
[Round "8.40"]
[White "Mohamed, Galal"]
[Black "Farokhi, Keyvan"]
[Result "1/2-1/2"]
[WhiteElo "1865"]
[BlackElo "1726"]
[PlyCount "124"]
[Annotator "JG"]

1. d4 Nf6 2. c4 c5 3. d5 e6 4. Nc3 exd5 5. cxd5 d6 6. e4 g6 7. f4 Bg7 8. Bb5+
Nfd7 9. a4 a6 10. Bd3 O-O 11. Nf3 Re8 12. O-O Nf6 13. h3 Qc7 14. Nd2 Nbd7 15.
a5 b6 16. axb6 Nxb6 17. Na4 c4 18. Bc2 Bd7 19. Nc3 Bb5 20. Nf3 Nbd7 21. Be3
Rab8 22. Bd4 Nh5 23. Bxg7 Kxg7 24. Nd4 Nhf6 25. Kh2 Nc5 26. Qf3 Nb3 27. Bxb3
cxb3 28. Ncxb5 axb5 29. Rfe1 Qc4 30. Nc6 Rbc8 31. Rac1 Qa4 32. e5 Nxd5 33. Qxd5
Qxf4+ 34. g3 Qf2+ 35. Qg2 Qxg2+ 36. Kxg2 dxe5 37. Nb4 Rc4 38. Rxc4 bxc4 39. Nd5
Rd8 40. Nc3 Kf6 41. Rd1 Rd4 42. Kf3 h5 43. Ke3 h4 44. Rxd4 exd4+ 45. Kxd4 hxg3
46. Ne4+ Kf5 47. Nxg3+ Kf4 48. Nf1 Kf3 49. Kxc4 Kg2 50. Ne3+ Kxh3 51. Kxb3 f5
52. Kc4 f4 53. Nd1 g5 54. Kd3 g4 55. Nf2+ Kg3 56. Ke2 Kh4 57. Nd3 Kg5 58. b4
Kf5 59. b5 f3+ 60. Ke3 Ke6 61. Kf4 Kd6 62. Kxg4 f2 1/2-1/2

[Event "Kieler Open 2017-A"]
[Site "Kiel"]
[Date "2017.08.03"]
[Round "8.41"]
[White "Gehlsen, René"]
[Black "Rohmann, Volker"]
[Result "1/2-1/2"]
[WhiteElo "1635"]
[BlackElo "1818"]
[PlyCount "84"]
[Annotator "JG"]

1. d4 d5 2. Nf3 Nf6 3. g3 c6 4. c4 e6 5. Bg2 Bd6 6. O-O O-O 7. Qc2 Nbd7 8. Bf4
Bxf4 9. gxf4 Ne4 10. e3 f5 11. cxd5 exd5 12. Nc3 Ndf6 13. Nxe4 Nxe4 14. Nd2 Qe7
15. Nf3 Be6 16. Ne5 Rac8 17. Bxe4 fxe4 18. f3 exf3 19. Nxf3 Bf5 20. Qf2 Be4 21.
Ng5 Bf5 22. Nf3 Rf6 23. Ne5 Rh6 24. Rac1 Be4 25. Rc3 Qe6 26. b4 a6 27. Rfc1 Rf8
28. a4 Rf5 29. b5 Rfh5 30. bxc6 Rxh2 31. Qxh2 Rxh2 32. Kxh2 Qh6+ 33. Kg3 g5 34.
fxg5 Qxg5+ 35. Ng4 h5 36. Rg1 bxc6 37. Rxc6 hxg4 38. Rc8+ Kf7 39. Rf1+ Bf3 40.
Rb1 Qe7 41. Rbc1 Qd6+ 42. Kh4 Qh6+ 1/2-1/2

[Event "Kieler Open 2017-A"]
[Site "Kiel"]
[Date "2017.08.03"]
[Round "8.42"]
[White "Henschen, Patrick"]
[Black "Müller, Richard"]
[Result "1-0"]
[WhiteElo "1720"]
[BlackElo "1484"]
[PlyCount "65"]
[Annotator "JG"]

1. d4 d5 2. c4 e6 3. Nf3 Nf6 4. g3 Nc6 5. cxd5 exd5 6. Bg2 g6 7. O-O Bg7 8. Nc3
O-O 9. Bf4 Bf5 10. Rc1 Ne4 11. Na4 Rc8 12. Nc5 Nxc5 13. Rxc5 Be4 14. a3 Re8 15.
Qd2 Qd7 16. Bh6 Bh8 17. e3 Qg4 18. Qd1 Bf6 19. h4 Nd8 20. Ne5 Qxd1 21. Rxd1
Bxg2 22. Kxg2 Bxe5 23. dxe5 Rxe5 24. Bf4 Re7 25. Bg5 Rd7 26. Rcxd5 Rxd5 27.
Rxd5 Ne6 28. Bf6 c6 29. Rd6 Kf8 30. e4 Ke8 31. f4 Nc5 32. Kf3 Rc7 33. Rd8# 1-0

[Event "Kieler Open 2017-A"]
[Site "Kiel"]
[Date "2017.08.03"]
[Round "8.43"]
[White "Weber, Andreas"]
[Black "Witt, Holger"]
[Result "1/2-1/2"]
[WhiteElo "1795"]
[BlackElo "1578"]
[PlyCount "55"]
[Annotator "JG"]

1. e4 e6 2. Qe2 c5 3. Nf3 Nc6 4. d3 g6 5. g3 Bg7 6. Bg2 e5 7. c3 d6 8. O-O Nge7
9. a3 a5 10. a4 O-O 11. Na3 h6 12. Nc4 Be6 13. Ne1 Kh7 14. Nc2 d5 15. N4a3 d4
16. c4 Qd7 17. b3 Bh3 18. Nb5 Bxg2 19. Kxg2 Rg8 20. Ba3 b6 21. Rh1 Raf8 22. h4
f5 23. f3 Rf6 24. Raf1 Rgf8 25. Bc1 Nc8 26. Nba3 Nd6 27. Nb1 R6f7 28. Nd2
1/2-1/2

[Event "Kieler Open 2017-A"]
[Site "Kiel"]
[Date "2017.08.03"]
[Round "8.44"]
[White "Schmieder, Kerstin"]
[Black "Degenhardt, Andreas"]
[Result "1-0"]
[WhiteElo "1674"]
[BlackElo "1777"]
[PlyCount "150"]
[Annotator "JG"]

1. d4 d5 2. Nc3 c6 3. Nf3 Bf5 4. Bf4 e6 5. a3 Bd6 6. Qd2 Qc7 7. Bxd6 Qxd6 8. e3
Nd7 9. Bd3 Ngf6 10. Bxf5 exf5 11. O-O O-O 12. Ne2 Rfe8 13. Nf4 Ne4 14. Qd3 Re7
15. Rac1 Rae8 16. c4 dxc4 17. Qxc4 g5 18. Nd3 g4 19. Nh4 Qf6 20. g3 Nd2 21. Qc3
Nxf1 22. Kxf1 Nf8 23. Qc5 Kh8 24. Qxa7 Ng6 25. Ng2 h5 26. Qc5 Rd7 27. Ndf4 Nxf4
28. Nxf4 Qh6 29. Qxf5 Rd6 30. Qxf7 Rf8 31. Qxh5 Qxh5 32. Nxh5 Rh6 33. Rc5 Kh7
34. Ke2 Kg6 35. Nf4+ Kh7 36. Rg5 Rxh2 37. Rxg4 Rh1 38. Nd3 Kh6 39. Re4 Kg5 40.
Re7 Rb8 41. e4 Kf6 42. Rc7 Rh2 43. Nc5 Rd8 44. Nxb7 Rxd4 45. Rxc6+ Ke7 46. Ke3
Rd1 47. Rc2 Rd7 48. Na5 Rh1 49. b4 Re1+ 50. Re2 Ra1 51. Nc4 Rc1 52. Nb6 Rd8 53.
Nd5+ Ke6 54. a4 Ra1 55. a5 Ra3+ 56. Kf4 Rf8+ 57. Kg4 Rg8+ 58. Kh3 Rh8+ 59. Kg2
Ke5 60. f3 Ra1 61. g4 Rhh1 62. Rd2 Rhg1+ 63. Kf2 Rgf1+ 64. Ke2 Rfe1+ 65. Kd3
Ra3+ 66. Nc3 Rf1 67. Kc4 Rxf3 68. Rd5+ Ke6 69. Nb5 Ra1 70. Kc5 Rc1+ 71. Kb6 Rc4
72. Nd4+ Rxd4 73. Rxd4 Ke5 74. Rc4 Rf6+ 75. Rc6 Rf7 1-0

[Event "Kieler Open 2017-A"]
[Site "Kiel"]
[Date "2017.08.03"]
[Round "8.46"]
[White "Vorsilka, Jiri"]
[Black "Behrendt, Matthias"]
[Result "1-0"]
[WhiteElo "1593"]
[BlackElo "1703"]
[PlyCount "145"]
[Annotator "JG"]

1. e4 c5 2. Nc3 Nc6 3. f4 e6 4. Nf3 g6 5. Bb5 Nge7 6. O-O Bg7 7. d3 O-O 8. Bd2
Nd4 9. Nxd4 Bxd4+ 10. Kh1 a6 11. Bc4 b5 12. Bb3 Bb7 13. Rb1 Rc8 14. Ne2 Bg7 15.
c4 Nc6 16. Be3 Nd4 17. Bxd4 cxd4 18. e5 Qb6 19. Qe1 d6 20. exd6 Rfd8 21. Ng3
Rxd6 22. Ne4 Bxe4 23. Qxe4 Rc5 24. Rbc1 b4 25. Rf3 f5 26. Qe1 Bf6 27. h4 e5 28.
fxe5 Re6 29. h5 Bxe5 30. hxg6 hxg6 31. Qh4 Bg7 32. Re1 Rxe1+ 33. Qxe1 Qf6 34.
Qxb4 Bf8 35. Qd2 g5 36. Rf1 g4 37. g3 Bh6 38. Qg2 Be3 39. Qa8+ Kg7 40. Kg2 Re5
41. Rh1 Bh6 42. c5 Re6 43. Bxe6 Qxe6 44. Qb7+ Kf8 45. Qb8+ Kg7 46. Qc7+ Kg8 47.
Qd8+ Bf8 48. Qg5+ Kf7 49. Qd2 Qc6+ 50. Kh2 Bh6 51. Qe2 Be3 52. Qc2 f4 53. gxf4
Bxf4+ 54. Kg1 g3 55. Qg2 Be3+ 56. Kf1 Qf6+ 57. Ke2 Qe5 58. Qb7+ Kf6 59. Qxa6+
Kg7 60. Qb7+ Kf6 61. Qc6+ Kg5 62. Qh6+ Kf5 63. Qh7+ Ke6 64. Qg6+ Kd5 65. Qe4+
Qxe4 66. dxe4+ Kxc5 67. Kf3 Bf2 68. Rh5+ Kc4 69. b3+ Kc3 70. Rc5+ Kd2 71. e5 d3
72. Rd5 Kc2 73. e6 1-0

[Event "Kieler Open 2017-A"]
[Site "Kiel"]
[Date "2017.08.03"]
[Round "8.47"]
[White "Samuelson, Bernd"]
[Black "Maas, Kolja"]
[Result "0-1"]
[WhiteElo "1438"]
[BlackElo "1527"]
[PlyCount "56"]
[Annotator "JG"]

1. e4 e5 2. Nf3 Nf6 3. Nxe5 d6 4. Nf3 Nxe4 5. d4 d5 6. Bd3 Bd6 7. O-O O-O 8. c4
c6 9. Nbd2 Bf5 10. Qc2 Nxd2 11. Bxd2 Bxd3 12. Qxd3 Nd7 13. Rfe1 b6 14. Rac1 h6
15. cxd5 cxd5 16. Qb3 Nf6 17. Bb4 Bxb4 18. Qxb4 Rc8 19. h3 Ne4 20. Nd2 Rxc1 21.
Rxc1 a5 22. Qxf8+ Kxf8 23. Nxe4 dxe4 24. b3 Qxd4 25. Rc8+ Ke7 26. Rc7+ Ke6 27.
Rc6+ Kd5 28. Rc7 Qa1+ 0-1

[Event "Kieler Open 2017-A"]
[Site "Kiel"]
[Date "2017.08.03"]
[Round "8.48"]
[White "Rempe, Jonas"]
[Black "Eberhardt, Michael"]
[Result "1-0"]
[WhiteElo "1749"]
[BlackElo "1812"]
[PlyCount "109"]
[Annotator "JG"]

1. e4 d5 2. exd5 Nf6 3. Nf3 Nxd5 4. d4 Bf5 5. Bd3 Bxd3 6. Qxd3 Nc6 7. c4 Nb6 8.
Nc3 e6 9. Be3 g6 10. O-O-O Bg7 11. Ne1 O-O 12. Nc2 Qe7 13. h4 Rad8 14. h5 Nb4
15. Nxb4 Qxb4 16. b3 c5 17. Ne2 cxd4 18. Nxd4 Bxd4 19. Bxd4 e5 20. Bc3 Qa3+ 21.
Bb2 Qe7 22. Qh3 Rxd1+ 23. Rxd1 Qg5+ 24. Kb1 f6 25. hxg6 hxg6 26. c5 Nc8 27. Rd7
Qf5+ 28. Qxf5 gxf5 29. Rxb7 Rd8 30. Kc2 Kf8 31. b4 Ke8 32. a4 Rd7 33. c6 Rd5
34. b5 a6 35. Bc3 axb5 36. axb5 Rc5 37. Rb8 Kd8 38. b6 Rxc6 39. b7 Kd7 40.
bxc8=Q+ Rxc8 41. Rxc8 Kxc8 42. Kb3 Kd7 43. Kc4 Ke6 44. Kc5 f4 45. Kc4 f5 46.
Kd3 Kd5 47. Ke2 Ke4 48. Bb2 f3+ 49. gxf3+ Kd5 50. Ke3 Ke6 51. f4 e4 52. Kd4 Kd6
53. Ba3+ Ke6 54. Kc5 Kf6 55. Kd6 1-0

[Event "Kieler Open 2017-A"]
[Site "Kiel"]
[Date "2017.08.03"]
[Round "8.49"]
[White "Hoppe, Marc"]
[Black "Wenske, Hardy"]
[Result "1-0"]
[WhiteElo "1732"]
[BlackElo "1826"]
[PlyCount "73"]
[Annotator "JG"]

1. d4 d5 2. Nf3 Nf6 3. Bf4 c6 4. e3 e6 5. c4 Bd6 6. Ne5 O-O 7. Bd3 Bxe5 8. dxe5
dxc4 9. Bxc4 Qxd1+ 10. Kxd1 Ne4 11. Ke2 g5 12. Bg3 Nd7 13. f4 h6 14. Kf3 Nxg3
15. hxg3 gxf4 16. gxf4 Kg7 17. Nc3 b5 18. Bd3 Bb7 19. Rh4 f5 20. Rah1 Rh8 21.
g4 c5+ 22. e4 c4 23. Bc2 b4 24. Nb5 Nc5 25. gxf5 exf5 26. Nd6 fxe4+ 27. Nxe4
Rad8 28. Ke3 Ne6 29. Rg1+ Kf8 30. Nd6 Nc5 31. Nxc4 Ba6 32. Nd6 Rd7 33. Rg6 Rg7
34. Rf6+ Kg8 35. Nf5 Rg1 36. Nxh6+ Kg7 37. Rf7# 1-0

[Event "Kieler Open 2017-A"]
[Site "Kiel"]
[Date "2017.08.04"]
[Round "9.2"]
[White "Uksini, Bardhyl"]
[Black "Lanka, Zigurds"]
[Result "1/2-1/2"]
[WhiteElo "2303"]
[BlackElo "2405"]
[Annotator "hjh"]
[PlyCount "20"]


1. d4 Nf6 2. c4 g6 3. Nc3 Bg7 4. e4 d6 5. f4 O-O 6. Nf3 c5 7. d5 b5 8. cxb5 a6
9. a4 {(=)} axb5 10. Bxb5 Ba6 1/2-1/2

[Event "Kieler Open 2017-A"]
[Site "Kiel"]
[Date "2017.08.04"]
[Round "9.3"]
[White "Krause, Jonah"]
[Black "Gaede, Derek"]
[Result "1-0"]
[WhiteElo "2310"]
[BlackElo "2299"]
[Annotator "hjh"]
[PlyCount "115"]


1. Nf3 Nf6 2. c4 e6 3. g3 d5 4. Bg2 d4 5. d3 c5 6. e3 Nc6 7. exd4 cxd4 8. O-O
Bd6 9. Bg5 h6 10. Bxf6 Qxf6 11. a3 a5 12. Nbd2 Qd8 13. Rc1 O-O 14. c5 Bc7 15.
Re1 e5 16. b3 Bf5 17. Qc2 Re8 18. Rb1 Be6 19. Nc4 Bd5 20. b4 axb4 21. axb4 f5
22. b5 e4 23. Nh4 Ne5 24. Nxe5 Ra2 25. Qd1 Rxe5 26. dxe4 Bxe4 27. Bxe4 fxe4 28.
Rxe4 Rxe4 29. Qb3+ Kh7 30. Qxa2 d3 31. Qf7 Qd4 32. Rd1 Rxh4 33. Qf5+ Kh8 34.
gxh4 d2 35. h3 Bf4 36. c6 Qa4 37. Qg4 bxc6 38. bxc6 Qc4 39. Qf3 Kg8 40. Kg2 Kh8
41. Ra1 Qd4 42. Rd1 Kh7 43. Kg1 Kh8 44. Qe2 Qd6 45. Qe4 Bh2+ 46. Kg2 Bf4 47. h5
Be5 48. c7 Qxc7 49. Rxd2 Bf6 50. Rc2 Qb8 51. f3 Be5 52. Qf5 Bc7 53. Qd7 Bd8 54.
Qe8+ Kh7 55. Qg6+ Kh8 56. Re2 Be7 57. Rxe7 Qb2+ 58. Kh1 1-0